00429nam a2200181Ia 4500003000400000005001700004008004100021020001800062040000600080041001200086082002100098100004000119245002000159250001200179260003400191300001300225440000900238OSt20240925110053.0240126s9999 xx 000 0 und d a9789387487925 c0 aEnglish a347.06 SAR;1 R aSarathi, Vepa S. Malik, Abhinandan. 0aLaw of evidence a7th ed. bEastern Book CompanyaLucknow aLiv, 473 aNULL